00705nam a2200241 a 4500001001300000003000900013005001700022008004100039020001000080082001600090100002900106245004600135260003600181300000800217500003500225505000800260650002000268700002900288902000800317942000700325952011600332999001500448nice12345678IN_TiNIC20260116011810.0050524s1874 kana grp 000 0 per  ac10000a491.55bQAT aQateel, Mohammad Hussain aNehr-Ul-Fasahath, Contains Bustan-E-Saadi aKanpurbMatba Noolkishorec1874 a70p aincludes index and biblioraphy2 aIll aPersian Grammar1 aQateel, Mohammad Hussain bSRS cBK 001040708StackRoom-aHMIbHMId2007-06-12g100.00l0o491.55 QATp06850r2007-06-12v100.00w2005-05-24yBK c4058d4058